Tom Scott Discord Meme "bro hop on" - Statistics

General Stats
  • This quiz has been taken 26 times
  • The average score is 3 of 38
Answer Stats
Location where Tom Scott had been in % Correct
Llanfair­pwllgwyngyll­gogery­chwyrn­drobwll­llan­tysilio­gogo­goch
50%
about to cross a road
25%
about to play Bubble football
25%
Airplane bathroom
25%
Arctic
25%
Bristol
25%
I am with Norm
25%
Platform 9 3/4
25%
putting myself at risk of being sued
25%
Swindon
25%
Computer History Museum (Mountain View)
0%
Disneyworld (Bay Lake, Florida)
0%
Eureka Weather Station, Nunavut, Canada
0%
Exponential Curve
0%
Flying a few 1,000 feet over Lincolnshire
0%
Gävle
0%
Gibraltar
0%
Greenwich
0%
Hull
0%
I am a missile
0%
...I am back with Norm
0%
I am not doing enough with my life
0%
Iceland
0%
Inchindown Oil Tanks
0%
I went to Slough
0%
Morocco
0%
on my way back from the Arctic
0%
On top of a hill
0%
Pripyat
0%
Resolute
0%
Space Camp in Huntsville, Alabama, U.S
0%
squinting into the sun
0%
still in the Arctic
0%
summit of Mount Evans
0%
Under the English Channel
0%
Unpowered Glider
0%
Weldon Spring
0%
Yelling
0%
No matching quizzes found
Score Distribution
Percent of People with Each Score
Percentile by Number Answered
Your Score History
You have not taken this quiz